书目信息 |
| 题名: |
老子·庄子:注释本
|
|
| 作者: | 傅云龙 , 陆钦 注释 | |
| 分册: | ||
| 出版信息: | 北京 华夏出版社 2000.05 |
|
| 页数: | 472页 | |
| 开本: | 64开 | |
| 丛书名: | ||
| 单 册: | ||
| 中图分类: | B223 | |
| 科图分类: | ||
| 主题词: | 先秦哲学 | |
| 电子资源: | ||
| ISBN: | 7-5080-1737-4 | |
| 000 | 00589nam0 2200205 45 | |
| 001 | 0008171116 | |
| 005 | 20000817111631.2 | |
| 010 | @a7-5080-1737-4@d12.00元 | |
| 100 | @a20000817d2000 km y0chiy0120 ea | |
| 101 | 0 | @achi |
| 105 | @a z 000yy | |
| 200 | 1 | @a老子·庄子:注释本@ALao Zi·Zhuang Zi:Zhu Shi Ben@f傅云龙,陆钦注释@FFu Yun Long,Lu Qin Zhu Shi |
| 210 | @a北京@c华夏出版社@d2000.05 | |
| 215 | @a472页@d64开 | |
| 606 | 0 | @a先秦哲学 |
| 690 | @aB223@v3 | |
| 701 | 0 | @a傅云龙@4注释 |
| 701 | 0 | @a陆钦@4注释 |
| 801 | @aCN@bPftUser@c20000817 | |
| 905 | @b109183-187@dB223@eF491@f5 | |
| 老子·庄子:注释本/傅云龙,陆钦注释.-北京:华夏出版社,2000.05 |
| 472页;64开 |
| ISBN 7-5080-1737-4:12.00元 |
| ● |
| 相关链接 |
|
|
|
正题名:老子·庄子:注释本
索取号:B223/F491
 
预约/预借
| 序号 | 登录号 | 条形码 | 馆藏地/架位号 | 状态 | 备注 |
| 1 | 109183 | 201091834 | 社科库509/ [索取号:B223/F491] | 在馆 | |
| 2 | 109184 | 201091843 | 社科库509/509社科库 11排4列5层/ [索取号:B223/F491] | 在馆 | |
| 3 | 109185 | 201091852 | 社科库509/509社科库 11排4列5层/ [索取号:B223/F491] | 在馆 | |
| 4 | 109186 | 201091861 | 社科库509/509社科库 11排4列5层/ [索取号:B223/F491] | 在馆 | |
| 5 | 109187 | 201091870 | 社科库509/509社科库 11排4列5层/ [索取号:B223/F491] | 在馆 |